000 00601nam a2200181 i 4500
001 91261
003 ES-MaACL
005 20230906180658.0
007 t|
008 050128s1920 fr ||||1| fre d
100 1 _aLe Poittevin, Henri.
_970911
245 1 0 _aThéorie des changes
_b: arbritages et Parités /
_cHenri Le Poittevin, Camille Hautier [et] Jules Salomon.
260 _aParis :
_b[s.n.,
_c1920] (
_eVilleneuve-St. Georges :
_fL'Union Typographique)
300 _a187 p. ;
_c23 cm.
700 1 _aHautier, Camille.
_962135
700 1 _aSalomon, Jules.
_9102025
852 _aES-MaACL
_jB-5606
999 _c91261
_d91261